| 000 | 00466nam a2200181Ia 4500 | ||
|---|---|---|---|
| 008 | 151202s9999||||xx |||||||||||||| ||und|| | ||
| 082 | _bPNVM-81482 | ||
| 100 | _aGARDNER MARTIN. | ||
| 245 | _aGREAT ESSAYS IN SCIENCE. | ||
| 260 | _b"WASHINGTON SQUARE, NEWYORK." | ||
| 260 | _c1970 | ||
| 300 | _a410 | ||
| 600 | _aGARDNER MARTIN. | ||
| 630 | _aGREAT ESSAYS IN SCIENCE. | ||
| 700 | _aGARDNER MARTIN. | ||
| 730 | _aGREAT ESSAYS IN SCIENCE. | ||
| 942 | _cBOOK | ||
| 999 |
_c1346090 _d1346087 |
||